banner koha

O gênero Phyllanthus L. (Phyllantheae - Euphorbiaceae Juss.) no bioma Caatinga do estado de Pernambuco - Brasil (Registro n. 327994)

MARC details
000 -LÍDER
fixed length control field 03387nab a2200277 i 4500
003 - CÓDIGO MARC DA AGÊNCIA CATALOGADORA
Campo de controle BR-BrBNA
005 - DATA E HORA DA ÚLTIMA ATUALIZAÇÃO
Campo de controle 20241008133559.0
008 - CAMPO DE TAMANHO FIXO
fixed length control field 241008b2004 bl.qr|pooa||| 00| 0 por |
040 ## - FONTE DA CATALOGAÇÃO
Agência catalogadora BR-BrBNA
Idioma da catalogação por
072 ## - CATEGORIA AGRIS
Código AGRIS F50
072 ## - CATEGORIA AGRIS
Código AGRIS F70
100 ## - ENTRADA PRINCIPAL - NOME PESSOAL
Nome pessoal Silva, Marcos José da
100 ## - ENTRADA PRINCIPAL - NOME PESSOAL
Nome pessoal Sales, Margareth Ferreira de
245 ## - TÍTULO PRINCIPAL
Título principal O gênero Phyllanthus L. (Phyllantheae - Euphorbiaceae Juss.) no bioma Caatinga do estado de Pernambuco - Brasil
500 ## - NOTA GERAL
Nota geral Publicação on-line; Bibliography p. 123-126 (56 ref.); 6 illus.; Summaries (En, Pt)
942 ## - ADDED ENTRY ELEMENTS (KOHA)
Koha item type Analítica
520 ## - NOTA DE RESUMO
Nota de conteúdo <br/><br/>RESUMO<br/><br/>O estudo taxonômico de Phyllanthus L. no bioma Caatinga de Pernambuco foi realizado<br/>através da análise morfológica de materiais herborizados e de observações de campo. <br/>Constataramse 11 taxa: Phyllanthus acuminatus Vahl., P. amarus Schumach. & Thonn., P. caroliniensis<br/>Walt. subsp. caroliniensis., P. claussenii Müll. Arg., P. jacobinensis Müll. Arg., P. klotzschianus<br/>Müll. Arg., P. minutulus Müll. Arg., P niruri L., P. heteradenius Müll. Arg., P. stipulatus (Raf.)<br/>Webster e P. tenellus Roxb. Os principais caracteres morfológicos utilizados para separação das<br/>espécies foram o hábito, o padrão de ramificação, a forma do disco glandular das flores de ambos<br/>os sexos, o número e união dos estames e a ornamentação das sementes. A maior parte das<br/>espécies apresenta distribuição nas subzonas do agreste e sertão em vegetação de Caatinga. Apenas<br/>P. acuminatus Vahl, P. minutulus Müll. Arg. e P. stipulatus (Raf.) Webster foram encontradas<br/>exclusivamente na subzona do Agreste, nas florestas Montanas.<br/><br/>Palavras chaves: Phyllanthus, Euphorbiaceae, Taxonomia, Caatinga, Pernambuco
520 ## - NOTA DE RESUMO
Nota de conteúdo <br/><br/>ABSTRACT<br/><br/>The taxonomic study of species in the genus Phyllanthus L. in the caatinga biome of the<br/>State of Pernambuco was carried out based on morphological analysis of fresh material or from<br/>specimen vouchers of the local herbaria. Eleven taxa were recorded: Phyllanthus acuminatus<br/>Vahl, P. amarus Schumach. & Thonn., P. caroliniensis Walt. subsp. caroliniensis, P. claussenii<br/>Müll. Arg., P. heteradenius Müll. Arg., P. jacobinensis Müll. Arg., P. klotzschianus Müll. Arg.,<br/>P. minutulus Müll. Arg., P niruri L., P. orbiculatus Rich., P. stipulatus (Raf.) Webster. and P.<br/>tenellus Roxb. The main morphological features used for delimitation of the species were habit,<br/>branching pattern, shape of the glandular disk on both male and female flowers, number and union<br/>of the stamens, type of dehiscence of anthers and seed coat. Most species present geographical<br/>distribution in steppe-savannah vegetation on different vegetational physiognomies (Agreste and<br/>Sertão). Only P. acuminatus Vahl., P. minutulus Müll. Arg. and P. stipulatus (Raf.) Webster<br/>occur exclusively in the upland forests within the Agreste Zone.<br/><br/>Key words: Phyllanthus, Euphorbiaceae, Taxonomy, Caatinga, Pernambuco’s state.<br/>
650 ## - ASSUNTO - THESAGRO
Cabeçalho tópico ou nome geográfico EUPHORBIACEAE
650 ## - ASSUNTO - THESAGRO
Cabeçalho tópico ou nome geográfico TAXONOMIA
650 ## - ASSUNTO - THESAGRO
Cabeçalho tópico ou nome geográfico CAATINGA
650 ## - ASSUNTO - THESAGRO
Cabeçalho tópico ou nome geográfico PERNAMBUCO
773 0# - ENTRADA ANALÍTICA
Host Biblionumber 709
Registro do item 345133
Imprenta Rio de Janeiro-RJ Jardim Botanico do Rio de Janeiro 1935
Outro identificador 2024-5590
Título Rodriguésia (Brazil)
ISSN 0370-6583; 2175-7860 on-line
Colação v. 55(84) p. 101-126; (2004)
Número de controle de registro BR2024003218
856 ## - ACESSO E ENDEREÇO ELETRÔNICO
Identificador uniforme de recurso - URI https://www.scielo.br/j/rod/a/bNJtGTzrVxbyXKRCp9K99Jm/?format=pdf&lang=pt

Nenhum exemplar disponível.

BINAGRI

Telefone: (61)3218-2567/2388/3357/2097 - binagri@agro.gov.br

Ministério da Agricultura e Pecuária , Esplanada dos Ministérios, Bloco D, Anexo B, Brasília/DF, CEP: 70.043-900